Kapitál nepríde sám. SNAZIR pod novou strechou i s novým riaditeľom.
Rozhovor s riaditeľom Slovenskej národnej agentúry pre zahraničné investície a rozvoj (SNAZIR), ktorá od 1.1.1993 patrí pod Ministerstvo pre správu a privatizáciu národného majetku SR. Budúce zámery a smerovanie tejto agentúry. Získavanie zahraničného kapitálu pre hospodárstvo SR.
Uložené v:
| Hlavný autor: | |
|---|---|
| Ďalší autori: | |
| Médium: | Kapitola |
| Jazyk: | Slovak |
| Predmet: | |
| Tagy: |
Žiadne tagy, Buďte prvý, kto otaguje tento záznam!
|
MARC
| LEADER | 00000naa a2200000 4500 | ||
|---|---|---|---|
| 001 | r013434 | ||
| 005 | 20221213122851.6 | ||
| 041 | 0 | |a slo | |
| 044 | |a SK | ||
| 245 | 1 | 0 | |a Kapitál nepríde sám. |b SNAZIR pod novou strechou i s novým riaditeľom. |c P. Mertus, Michal Štefánek |
| 520 | |a Rozhovor s riaditeľom Slovenskej národnej agentúry pre zahraničné investície a rozvoj (SNAZIR), ktorá od 1.1.1993 patrí pod Ministerstvo pre správu a privatizáciu národného majetku SR. Budúce zámery a smerovanie tejto agentúry. Získavanie zahraničného kapitálu pre hospodárstvo SR. | ||
| 610 | 2 | 0 | |a investície zahraničné |
| 610 | 2 | 0 | |a rozvoj hospodársky |
| 610 | 2 | 0 | |a hospodárstvo národné |
| 610 | 2 | 0 | |a kapitál zahraničný |
| 610 | 2 | 0 | |a Slovensko |
| 100 | 1 | |a Mertus, P. | |
| 700 | 1 | |a Štefánek, Michal | |